000 00570nam a2200181 a 4500
001 000042225
005 20201002040021.0
008 131120s1991 xxu 001 0 spa d
020 _a0395430860
040 _aDO-SdBNP
_bspa
_cBNPHU
082 _axxxx
_bxxxx
100 1 _aTurner, Stansfield
_969246
245 1 0 _aTerrorism and democracy. /
_cStansfield Turner.
260 _aBoston, Estados Unidos :
_bHoughton Miflin Company,
_c1991.
300 _a274 p. ;
_c23 cm.
500 _aPerteneció a la biblioteca personal de Germán Emilio Ornes.
500 _aIncluye notas
999 _c41714
_d41714